[Event "Moscow op-E"]
[Site "Moscow"]
[Date "2011.02.05"]
[Round "8.236"]
[White "Rukavishnikov, Vladimir"]
[Black "Pankov, Gennady"]
[Result "1-0"]
[WhiteElo "1991"]
[BlackElo "1896"]
[PlyCount "77"]
[EventDate "2011.01.29"]
[EventType "swiss"]
[EventRounds "9"]
[EventCountry "RUS"]
[SourceTitle "EXT 2022"]
[Source "ChessBase"]
[SourceDate "2021.10.06"]
[SourceVersion "1"]
[SourceVersionDate "2021.10.06"]
[SourceQuality "1"]

1. d4 Nf6 2. c4 e6 3. Nf3 Bb4+ 4. Nbd2 Ne4 5. a3 Bxd2+ 6. Nxd2 Nf6 7. e4 d6 8. b4 e5 9. d5 Bg4 10. f3 Bh5 11. Bd3 Bg6 12. 0-0 Nbd7 13. Qc2 Nh5 14. g3 b6 15. Nb3 0-0 16. Be3 a5 17. c5 a4 18. Nd2 bxc5 19. bxc5 dxc5 20. Bxc5 Nxc5 21. Qxc5 c6 22. Qxc6 Rc8 23. Qxa4 Qg5 24. Rf2 Rc3 25. Bf1 Rfc8 26. Rb1 h6 27. d6 Qe3 28. d7 Rd8 29. Nc4 Qc5 30. Rb5 Qe7 31. Nxe5 Rxa3 32. Qc4 Kh7 33. Qc5 Qxc5 34. Rxc5 Raa8 35. Nxg6 Kxg6 36. Rd2 Nf6 37. e5 Rxd7 38. Bd3+ Rxd3 39. Rxd3 1-0

[Event "Moscow op-B"]
[Site "Moscow"]
[Date "2009.02.05"]
[Round "6"]
[White "Nikitin, Anatoly"]
[Black "Pankov, Gennady"]
[Result "1/2-1/2"]
[WhiteElo "1400"]
[BlackElo "2014"]
[PlyCount "38"]
[EventDate "2009.01.31"]
[EventType "swiss"]
[EventRounds "9"]
[EventCountry "RUS"]
[SourceTitle "EXT 2012"]
[Source "ChessBase"]
[SourceDate "2011.11.24"]
[SourceVersion "1"]
[SourceVersionDate "2011.11.24"]
[SourceQuality "1"]

1. e4 c5 2. Nf3 d6 3. d4 cxd4 4. Nxd4 Nc6 5. c4 e5 6. Nc2 Be6 7. Nc3 Nf6 8. Be2 Be7 9. 0-0 0-0 10. Kh1 Kh8 11. b4 a6 12. a3 Rc8 13. Bb2 Qd7 14. Rc1 Ng8 15. Nd5 Bd8 16. f4 exf4 17. Nxf4 Bb6 18. c5 dxc5 19. Qxd7 Bxd7 1/2-1/2

[Event "Moscow op-B"]
[Site "Moscow"]
[Date "2009.02.01"]
[Round "3"]
[White "Pankov, Gennady"]
[Black "Alimov, Ravil"]
[Result "1-0"]
[WhiteElo "2014"]
[BlackElo "1776"]
[PlyCount "93"]
[EventDate "2009.01.31"]
[EventType "swiss"]
[EventRounds "9"]
[EventCountry "RUS"]
[SourceTitle "EXT 2012"]
[Source "ChessBase"]
[SourceDate "2011.11.24"]
[SourceVersion "1"]
[SourceVersionDate "2011.11.24"]
[SourceQuality "1"]

1. e4 e5 2. Nf3 Nc6 3. d3 Nf6 4. a3 d5 5. exd5 Nxd5 6. h3 Bc5 7. c4 Nf6 8. Nc3 0-0 9. Bg5 Be7 10. Be2 Nd7 11. Bxe7 Qxe7 12. Nd5 Qd6 13. 0-0 f5 14. Nd2 Nb6 15. Nc3 a6 16. b4 Qg6 17. c5 Nd7 18. Nd5 f4 19. Ne4 Nf6 20. Nexf6+ gxf6 21. Nxc7 Ra7 22. Nd5 Bxh3 23. Bf3 Kh8 24. Kh2 Bf5 25. Bh5 Qg5 26. Rh1 Rg8 27. Bf3 Qg6 28. Kg1 Bxd3 29. Rh2 Bf5 30. Ra2 Rd8 31. Rd2 Rf8 32. a4 Qf7 33. Bh5 Qg7 34. f3 Rg8 35. Bg4 Bxg4 36. fxg4 Nd4 37. Qe1 f5 38. Qh4 Rf8 39. g5 b5 40. cxb6 Rb7 41. a5 Ne6 42. Rh3 Nxg5 43. Ra3 Ne6 44. b5 Ra8 45. bxa6 Rxa6 46. Nc7 Rbxb6 47. Nxe6 1-0

[Event "Moscow op-B 04th"]
[Site "Moscow"]
[Date "2008.02.09"]
[Round "8"]
[White "Pankov, Gennady"]
[Black "Marchenko, Alexander"]
[Result "0-1"]
[WhiteElo "1984"]
[BlackElo "2125"]
[PlyCount "103"]
[EventDate "2008.02.02"]
[EventType "swiss"]
[EventRounds "9"]
[EventCountry "RUS"]
[SourceTitle "CBM 122 Extra"]
[Source "ChessBase"]
[SourceDate "2008.03.04"]
[SourceVersion "1"]
[SourceVersionDate "2008.03.04"]
[SourceQuality "1"]

1. e4 d5 2. Bd3 dxe4 3. Bxe4 Nf6 4. Bf3 e5 5. d3 Bd6 6. Nc3 0-0 7. h3 Nbd7 8. a3 c6 9. Nge2 Re8 10. Be3 Bc5 11. Qd2 Bxe3 12. Qxe3 Nb6 13. Qd2 Nbd5 14. Ng3 Qb6 15. b3 Be6 16. Nge2 Rad8 17. Na4 Qc7 18. Nc5 Bc8 19. 0-0 b6 20. Ne4 Nxe4 21. dxe4 Nf4 22. Qe3 Ba6 23. Rfd1 Bxe2 24. Bxe2 Qe7 25. a4 c5 26. Bf1 Ne6 27. c3 h6 28. g3 Kf8 29. Bb5 Rxd1+ 30. Rxd1 Rd8 31. Rd5 Nc7 32. Rxd8+ Qxd8 33. Be2 Ne6 34. f4 exf4 35. gxf4 Qh4 36. Bg4 Ke7 37. Bxe6 Kxe6 38. Kg2 Qd8 39. Qe2 Ke7 40. Kg3 g5 41. e5 Qc7 42. fxg5 hxg5 43. Kg4 Qd7+ 44. e6 fxe6 45. Kxg5 Qd5+ 46. Kg4 Qxb3 47. Qe5 Qxa4+ 48. Kg5 Qc6 49. h4 Qd5 50. Qxd5 exd5 51. Kg6 Kf8 52. Kh7 0-1

[Event "Moscow op 03rd"]
[Site "Moscow"]
[Date "2007.01.31"]
[Round "5"]
[White "Lyubokhiner, Leonid M"]
[Black "Pankov, Gennady"]
[Result "0-1"]
[WhiteElo "1805"]
[BlackElo "2014"]
[PlyCount "118"]
[EventDate "2007.01.27"]
[EventType "swiss"]
[EventRounds "9"]
[EventCountry "RUS"]
[SourceTitle "CBM 116 Extra"]
[Source "ChessBase"]
[SourceDate "2007.03.07"]
[SourceVersion "1"]
[SourceVersionDate "2007.03.07"]
[SourceQuality "1"]

1. e4 c5 2. Nf3 d6 3. c3 Nf6 4. Bb5+ Bd7 5. Bxd7+ Nbxd7 6. d3 c4 7. 0-0 cxd3 8. Qxd3 a6 9. Rd1 Nc5 10. Qe2 Ncxe4 11. Bf4 h6 12. Nbd2 Nxd2 13. Rxd2 e6 14. Rad1 d5 15. g4 Be7 16. Ne5 0-0 17. f3 Nh7 18. Kg2 Qe8 19. Qd3 f5 20. Kh1 Rd8 21. Rg1 Ng5 22. Rg3 fxg4 23. Rxg4 Rf5 24. h4 h5 25. hxg5 hxg4 26. Rh2 Qb5 27. fxg4 Qxd3 28. Nxd3 Rxf4 29. Nxf4 e5 30. Ng6 Bxg5 31. Rh8+ Kf7 32. Nxe5+ Ke6 33. Rxd8 Bxd8 34. Nf3 Bb6 35. Kg2 Be3 36. Nd4+ Kf6 37. Kf3 Bc1 38. a4 Bxb2 39. Ne2 Ke5 40. Ke3 a5 41. Kd3 g5 42. Ke3 Kd6 43. Nd4 Ke5 44. Ne2 b6 45. Kd3 Kd6 46. Nd4 Ke5 47. Ne2 Ba3 48. Ke3 Bc5+ 49. Kd3 Bf2 50. Nc1 Kf4 51. c4 dxc4+ 52. Kxc4 Kxg4 53. Nd3 Be3 54. Ne5+ Kf5 55. Nd7 g4 56. Kd3 Kf4 57. Nf6 Bc5 58. Ke2 g3 59. Kf1 Kf3 0-1